Oeuvres de Sully Prudhomme : (Record no. 173037)

MARC details
000 -LEADER
campo de control de longitud fija 00824nam a2200241 4500
001 - NÚMERO DE CONTROL
campo de control 173037
003 - IDENTIFICADOR DE NÚMERO DE CONTROL
campo de control ES-MaACL
005 - FECHA Y HORA DE LA ÚLTIMA TRANSACCIÓN
campo de control 20230906215119.0
008 - DATOS DE LONGITUD FIJA--INFORMACIÓN GENERAL
campo de control de longitud fija 091016q1872 fr 001 p fre d
080 ## - NÚMERO DE LA CLASIFICACIÓN DECIMAL UNIVERSAL
Número de la Clasificación Decimal Universal 821.133.1-14"18"
100 1# - ENTRADA PRINCIPAL--NOMBRE DE PERSONA
Nombre de persona Sully Prudhomme.
9 (RLIN) 108764
245 10 - MENCIÓN DEL TÍTULO
Título Oeuvres de Sully Prudhomme :
Resto del título poésies 1865-1866 : stances & poèmes.
260 ## - PUBLICACIÓN, DISTRIBUCIÓN, ETC.
Lugar de publicación, distribución, etc. Paris :
Nombre del editor, distribuidor, etc. Alphonse Lemerre,
Fecha de publicación, distribución, etc. [ca. 1872]
300 ## - DESCRIPCIÓN FÍSICA
Extensión 323 p. :
Otras características físicas [1] h. de lám. ;
Dimensiones 16 cm.
490 1# - MENCIÓN DE SERIE
Mención de serie Petite bibliothèque littéraire
500 ## - NOTA GENERAL
Nota general Índice.
595 ## -
-- En contracub.: Éd. elzévirienne.
599 ## - NOTA A LAS ILUSTRACIONES
NOTA A LAS ILUSTRACIONES Retr. del autor grab. por Rajon.
740 02 - ENTRADA AGREGADA--TÍTULO RELACIONADO/ANALÍTICO NO CONTROLADO
Título relacionado o analítico no controlado Stances et poèmes.
830 1# - PUNTO DE ACCESO ADICIONAL DE SERIE-TÍTULO UNIFORME
Título uniforme Petite bibliothèque littéraire
9 (RLIN) 221781
852 4# - LOCALIZACIÓN
Ubicación ES-MaACL
Número de control de estantería E-13028
Nota libre - Biblioteca Jacinto Martínez Lacalle
Holdings
Estatus retirado Estado de pérdida Estado de daño No para préstamo Colección Biblioteca de origen Biblioteca actual Ubicación en estantería Fecha de adquisición Fuente de adquisición Total de préstamos Signatura topográfica completa Código de barras Visto por última vez Precio de reemplazo Tipo de ítem Koha
        Libros del s. XIX Biblioteca del Ateneo de Madrid Biblioteca del Ateneo de Madrid Depósito 2 16/10/2009     E-13028 1181567 23/02/2023 23/02/2023 Libro impreso antiguo